[Event "DVM U16 2013"]
[Site "Lingen (Ems) GER"]
[Date "2013.12.27"]
[Round "2"]
[White "Schulz, Lukas"]
[Black "Zolfagharian, Kevin"]
[Result "1/2-1/2"]
[Termination "normal"]
[Board "8.1"]
[WhiteElo "1923"]
[BlackElo "2036"]
[WhiteTeam "SC Höchstadt"]
[BlackTeam "SG Solingen"]
[WhiteFideId "12924881"]
[BlackFideId "12933570"]
[EventCountry "GER"]
[EventRounds "7"]
[EventType "team-swiss"]
[EventDate "2013.12.26"]

1. e4 c5 2. b4 cxb4 3. d4 e6 4. a3 d5 5. e5 Nc6 6. axb4 Bxb4+ 7. c3 Bf8 8. Bd3
g6 9. Ne2 Bd7 10. h4 a6 11. h5 Bg7 12. Qc2 Nge7 13. Ba3 Nf5 14. Nd2 Qg5 15. g3
Rc8 16. Qb1 Bh6 17. Bc1 Qg4 18. Kf1 Bxd2 19. Bxd2 Qf3 20. Rh3 Na7 21. Ra5 gxh5
22. Nf4 Rg8 23. Nxh5 Rg6 24. Be2 Qe4 25. Nf6+ Rxf6 26. Qxe4 dxe4 27. exf6 Bb5
28. Rxh7 e3 29. Bxb5+ Nxb5 30. fxe3 Nxg3+ 31. Kg2 Ne4 32. Rh8+ 1/2-1/2

[Event "DVM U16 2013"]
[Site "Lingen (Ems) GER"]
[Date "2013.12.27"]
[Round "2"]
[White "Nguyen, Gia Huy Philipp"]
[Black "Koch, Christian"]
[Result "0-1"]
[Termination "normal"]
[Board "8.2"]
[WhiteElo "1563"]
[BlackElo "1834"]
[WhiteTeam "SG Solingen"]
[BlackTeam "SC Höchstadt"]
[WhiteFideId "12933597"]
[BlackFideId "1272124"]
[EventCountry "GER"]
[EventRounds "7"]
[EventType "team-swiss"]
[EventDate "2013.12.26"]

1. e4 d6 2. d4 Nf6 3. Nc3 g6 4. h3 Bg7 5. Be3 O-O 6. f4 Nc6 7. Nf3 Nh5 8. Kf2
e5 9. dxe5 dxe5 10. Nd5 exf4 11. Nxf4 Nxf4 12. Bxf4 Qe7 13. Bd3 Bxb2 14. Rb1
Bg7 15. Qd2 b6 16. Bh6 Bxh6 17. Qxh6 Ne5 18. Nxe5 Qxe5 19. Rb5 c5 20. Rf1 Ba6
21. Rbb1 c4 22. Be2 Qxe4 23. c3 Rae8 24. Bf3 Qc2+ 25. Kg1 Qxc3 26. Kh1 Re5 27.
Bg4 Bb7 28. Rf2 Re1+ 29. Rf1 Rxb1 30. Rxb1 Bxg2+ 31. Kg1 Qg3 0-1

[Event "DVM U16 2013"]
[Site "Lingen (Ems) GER"]
[Date "2013.12.27"]
[Round "2"]
[White "Mönius, Alexander"]
[Black "Nink, Niklas"]
[Result "1/2-1/2"]
[Termination "normal"]
[Board "8.3"]
[WhiteElo "1727"]
[BlackElo "1493"]
[WhiteTeam "SC Höchstadt"]
[BlackTeam "SG Solingen"]
[WhiteFideId "12949795"]
[BlackFideId "12944610"]
[EventCountry "GER"]
[EventRounds "7"]
[EventType "team-swiss"]
[EventDate "2013.12.26"]

1. e4 c5 2. c3 Nf6 3. e5 Nd5 4. d4 cxd4 5. cxd4 d6 6. exd6 Qxd6 7. Nc3 Nc6 8.
Nf3 Bg4 9. Be2 a6 10. O-O e6 11. Ne4 Qd7 12. Ng3 Be7 13. h3 Bxf3 14. Bxf3 O-O
15. Ne4 Nf6 16. Nxf6+ Bxf6 17. d5 exd5 18. Qxd5 Qxd5 19. Bxd5 Rac8 20. Rb1 Rfd8
21. Bf3 Rc7 22. Be3 Rcd7 23. b4 Ne5 24. Be2 h6 25. b5 axb5 26. Rxb5 Ra8 27. f4
Rxa2 28. fxe5 Rxe2 29. exf6 Rxe3 30. Rfb1 gxf6 31. Rxb7 Rxb7 32. Rxb7 Re2 33.
Rb3 Kf8 34. Rf3 Ke7 35. Rf4 Re5 36. Kf2 Ke6 37. Kf3 Rf5 38. g4 Re5 39. Re4 f5
40. Ra4 Kf6 41. Kf4 fxg4 42. hxg4 Re6 43. Ra5 Kg6 44. Rb5 Rf6+ 45. Kg3 Rc6 46.
Ra5 Rc3+ 47. Kf4 Rh3 48. Rb5 1/2-1/2

[Event "DVM U16 2013"]
[Site "Lingen (Ems) GER"]
[Date "2013.12.27"]
[Round "2"]
[White "Barche, Robert"]
[Black "Mönius, Oliver"]
[Result "1/2-1/2"]
[Termination "normal"]
[Board "8.4"]
[WhiteElo "1308"]
[BlackElo "1400"]
[WhiteTeam "SG Solingen"]
[BlackTeam "SC Höchstadt"]
[WhiteFideId "12944572"]
[BlackFideId "12949906"]
[EventCountry "GER"]
[EventRounds "7"]
[EventType "team-swiss"]
[EventDate "2013.12.26"]

1. c4 e5 2. g3 Nf6 3. Bg2 d5 4. e3 Nc6 5. cxd5 Nxd5 6. Ne2 Be6 7. Nbc3 Bb4 8.
a3 Bxc3 9. Nxc3 O-O 10. O-O Qd7 11. d4 exd4 12. exd4 Nxc3 13. bxc3 Bh3 14. Bf4
Bxg2 15. Kxg2 Rfe8 16. Qd2 Re4 17. Rfe1 Rae8 18. Rxe4 Rxe4 19. Re1 Qd5 20. Rxe4
Qxe4+ 21. f3 Qe7 22. Qe3 Qxa3 23. Qe8+ Qf8 24. Qxf8+ Kxf8 25. Bxc7 Ke8 26. d5
Kd7 27. Bf4 Ne7 28. c4 Ng6 29. Bb8 a5 30. f4 f5 31. Ba7 Ne7 32. Bc5 Nc8 33. Kf3
a4 34. Ke3 b6 35. Bd4 Nd6 36. Kd3 b5 37. cxb5 Nxb5 38. Bxg7 Kd6 39. Kc4 Nc7 40.
Be5+ Kd7 41. d6 Ne8 42. Kd5 a3 43. h3 h5 44. Kc5 a2 45. Kd5 Nxd6 46. Bb2 Ne4
47. g4 fxg4 48. Kxe4 gxh3 49. Kf3 Ke6 50. Kg3 Kf5 51. Kxh3 Kxf4 52. Kh4 1/2-1/2

[Event "DVM U16 2013"]
[Site "Lingen (Ems) GER"]
[Date "2013.12.27"]
[Round "2"]
[White "Fortenbacher, Florian"]
[Black "Werner, Justus"]
[Result "0-1"]
[Termination "normal"]
[Board "9.1"]
[WhiteElo "1745"]
[BlackElo "1794"]
[WhiteTeam "Gütersloher SV"]
[BlackTeam "SG Blau-Weiß Stadtilm"]
[WhiteFideId "12979317"]
[BlackFideId "12941107"]
[EventCountry "GER"]
[EventRounds "7"]
[EventType "team-swiss"]
[EventDate "2013.12.26"]

1. e4 c5 2. Nc3 d6 3. Nf3 Nf6 4. d4 cxd4 5. Nxd4 a6 6. Be3 e5 7. Nb3 Be7 8. f3
Be6 9. Qd2 O-O 10. Be2 Nbd7 11. O-O Nb6 12. Na5 Qc7 13. Rfd1 d5 14. exd5 Nbxd5
15. Nxd5 Nxd5 16. Nb3 Bb4 17. Qc1 Rad8 18. a3 Be7 19. Bf2 Nf4 20. Bf1 Rxd1 21.
Qxd1 Rd8 22. Qc1 Rc8 23. c4 Bxc4 24. Bxc4 Qxc4 25. Qxc4 Rxc4 26. Na5 Rc2 27. b4
b6 28. Bxb6 Rxg2+ 29. Kh1 Rc2 30. Re1 f6 31. Rd1 Rc3 32. Ra1 Rxf3 33. Rc1 Rxa3
34. Nc6 Bf8 35. Ba5 Rb3 0-1

[Event "DVM U16 2013"]
[Site "Lingen (Ems) GER"]
[Date "2013.12.27"]
[Round "2"]
[White "Schmidt, Daniel"]
[Black "Wulfhorst, Noah"]
[Result "1-0"]
[Termination "normal"]
[Board "9.2"]
[WhiteElo "1816"]
[BlackElo "1654"]
[WhiteTeam "SG Blau-Weiß Stadtilm"]
[BlackTeam "Gütersloher SV"]
[WhiteFideId "12957950"]
[BlackFideId "12964956"]
[EventCountry "GER"]
[EventRounds "7"]
[EventType "team-swiss"]
[EventDate "2013.12.26"]

1. c4 e5 2. Nc3 Nf6 3. d3 Be7 4. Nf3 d6 5. g3 O-O 6. Bg2 h6 7. O-O c6 8. d4
exd4 9. Nxd4 d5 10. cxd5 Nxd5 11. Nxd5 cxd5 12. Nb5 a6 13. Nc3 d4 14. Nd5 Bc5
15. Bf4 Bb6 16. Qd2 Nc6 17. Nxb6 Qxb6 18. Rfc1 Bd7 19. Bd6 Rfe8 20. Bc5 Qb5 21.
Bf1 d3 22. Qxd3 Qxd3 23. exd3 Ne5 24. d4 Nf3+ 25. Kh1 Bc6 26. Bg2 Re2 27. Rc3
Ng5 28. Bxc6 bxc6 29. Kg2 Rxb2 30. Ba3 Rxf2+ 31. Kxf2 Ne4+ 32. Kf3 Nxc3 33. Rc1
Nb5 34. Bb2 Rd8 35. Rxc6 Nxd4+ 36. Bxd4 Rxd4 37. Rxa6 Rd1 38. Ra8+ Kh7 39. a4
Kg6 40. a5 Ra1 41. a6 Kf5 42. Ra7 Kf6 43. Ke4 Ra5 44. Kd4 g5 45. Kc4 g4 46. Kb4
Ra2 47. Kb5 Rxh2 48. Rc7 Ra2 49. a7 h5 50. Rc6+ Kf5 51. Ra6 Rb2+ 52. Kc4 Rc2+
53. Kd3 Rc8 54. Ra5+ Kg6 55. a8=Q Rxa8 56. Rxa8 Kg5 57. Rg8+ Kf5 58. Ke3 f6 59.
Rg7 1-0

[Event "DVM U16 2013"]
[Site "Lingen (Ems) GER"]
[Date "2013.12.27"]
[Round "2"]
[White "Kandler, Pascal"]
[Black "Mann, Jonas"]
[Result "1-0"]
[Termination "normal"]
[Board "9.3"]
[WhiteElo "1539"]
[BlackElo "1771"]
[WhiteTeam "Gütersloher SV"]
[BlackTeam "SG Blau-Weiß Stadtilm"]
[WhiteFideId "12964964"]
[BlackFideId "12900214"]
[EventCountry "GER"]
[EventRounds "7"]
[EventType "team-swiss"]
[EventDate "2013.12.26"]

1. e4 c5 2. Nf3 d6 3. d4 cxd4 4. Nxd4 Nf6 5. Nc3 a6 6. Be3 e5 7. Nf3 Be7 8. Bc4
O-O 9. O-O Qc7 10. Bb3 Nbd7 11. Nd2 b5 12. f3 Bb7 13. Re1 Nb6 14. Nf1 Rfd8 15.
Kh1 Nc4 16. Bxc4 Qxc4 17. Bf2 Qb4 18. Qc1 Qa5 19. a3 Qc7 20. Qe3 Nd7 21. Rad1
h6 22. Qe2 Rac8 23. Ne3 Nb6 24. Rd2 Bg5 25. h4 Bxe3 26. Bxe3 Nc4 27. Qf2 Nxd2
28. Bb6 Qe7 29. Bxd8 Rxd8 30. Qxd2 Qxh4+ 31. Kg1 Qf6 32. Rd1 g5 33. Qe3 Qe7 34.
Qb6 Kg7 35. Kf2 Qd7 36. Rd3 Qc6 37. Qxd8 Qc5+ 38. Kg3 Qg1 39. Rd1 Qe3 40. Qxd6
Qf4+ 41. Kf2 g4 42. Qd2 g3+ 43. Ke2 Qh4 44. Qe1 Qf4 45. Rd7 1-0

[Event "DVM U16 2013"]
[Site "Lingen (Ems) GER"]
[Date "2013.12.27"]
[Round "2"]
[White "Dittrich, Tom"]
[Black "Haase, Kai"]
[Result "1/2-1/2"]
[Termination "normal"]
[Board "9.4"]
[WhiteElo "1666"]
[BlackElo "1570"]
[WhiteTeam "SG Blau-Weiß Stadtilm"]
[BlackTeam "Gütersloher SV"]
[WhiteFideId "12923532"]
[BlackFideId "12964999"]
[EventCountry "GER"]
[EventRounds "7"]
[EventType "team-swiss"]
[EventDate "2013.12.26"]

1. e4 e5 2. Nf3 Nc6 3. Bc4 Be7 4. d3 Nf6 5. c3 O-O 6. Bb3 d6 7. Nbd2 Bg4 8. Nf1
d5 9. Qe2 Qd7 10. Ng3 Rad8 11. h3 dxe4 12. dxe4 Be6 13. Bc2 h6 14. Nh4 Rfe8 15.
Nhf5 Bf8 16. O-O Ne7 17. Qf3 Qc6 18. Nxh6+ gxh6 19. Qxf6 Bc4 20. Qxc6 Nxc6 21.
Re1 Kh7 22. Nf5 Ne7 23. Nxe7 Bxe7 24. Be3 a6 25. a3 Rg8 26. Rad1 Bd6 27. Rd2
Be6 28. Kh1 Rg7 29. Bc5 Rdg8 30. Bxd6 cxd6 31. Rg1 Bxh3 32. g3 Rd8 33. Bd1 Bg4
34. Kg2 f6 35. Bxg4 Rxg4 36. f3 Rg7 37. Kf2 b6 38. Rgd1 Rgd7 39. Ke3 Kg6 40. f4
Kf7 41. Rd5 Ke6 42. f5+ Ke7 43. Rh1 Rh8 44. g4 Rdd8 45. Kf3 Rdg8 46. Rhd1 Rd8
47. Rh1 Rdg8 48. Rhd1 Rd8 1/2-1/2

[Event "DVM U16 2013"]
[Site "Lingen (Ems) GER"]
[Date "2013.12.27"]
[Round "2"]
[White "Wunder, Anton"]
[Black "Grimm, Julius"]
[Result "0-1"]
[Termination "normal"]
[Board "10.1"]
[WhiteElo "1751"]
[BlackElo "1944"]
[WhiteTeam "Heilbronner SV"]
[BlackTeam "Schachforum Darmstadt"]
[WhiteFideId "12964352"]
[BlackFideId "12916986"]
[EventCountry "GER"]
[EventRounds "7"]
[EventType "team-swiss"]
[EventDate "2013.12.26"]

1. d4 Nf6 2. c4 c5 3. Nf3 cxd4 4. Nxd4 e5 5. Nb3 d5 6. e3 a6 7. Nc3 Be6 8. cxd5
Nxd5 9. Bd2 Nc6 10. Be2 Be7 11. Bf3 O-O 12. e4 Ndb4 13. Be2 Nd4 14. O-O Nxe2+
15. Nxe2 Nxa2 16. Rxa2 Bxb3 17. Qxb3 Qxd2 18. Qxb7 Bb4 19. Ng3 a5 20. Qb5 Rfe8
21. Qa4 Red8 22. b3 Qd7 23. Rc2 g6 24. Rfc1 Ra7 25. Nf1 Qxa4 26. bxa4 Rd4 27.
Rc4 Rad7 28. f3 Rxc4 29. Rxc4 Rd3 30. Kf2 Ra3 31. Ne3 Rxa4 32. Nd5 Be1+ 0-1

[Event "DVM U16 2013"]
[Site "Lingen (Ems) GER"]
[Date "2013.12.27"]
[Round "2"]
[White "Nothnagel, Marian Can"]
[Black "Wasielewski, Kim-Luca"]
[Result "1-0"]
[Termination "normal"]
[Board "10.2"]
[WhiteElo "1779"]
[BlackElo "1555"]
[WhiteTeam "Schachforum Darmstadt"]
[BlackTeam "Heilbronner SV"]
[WhiteFideId "12921530"]
[BlackFideId "12979503"]
[EventCountry "GER"]
[EventRounds "7"]
[EventType "team-swiss"]
[EventDate "2013.12.26"]

1. e4 c6 2. d4 d5 3. exd5 cxd5 4. c3 Nc6 5. Bf4 Nf6 6. Bd3 Qb6 7. Qc2 Bg4 8.
Nd2 e6 9. Ngf3 Be7 10. O-O Bh5 11. Rac1 Bg6 12. b3 Rc8 13. Bxg6 hxg6 14. Qb2
O-O 15. a4 Rfd8 16. b4 Bd6 17. Bxd6 Rxd6 18. Rb1 Ne7 19. Rfc1 Nf5 20. c4 Qd8
21. c5 Rdc6 22. b5 R6c7 23. a5 Nd7 24. b6 axb6 25. axb6 Rc6 26. Nb3 Rb8 27. Ra1
Ne7 28. Ra4 Rcc8 29. Rca1 Nf6 30. Ne5 Nd7 31. Nd3 Kf8 32. Nb4 Nf6 33. Ra7 Qd7
34. Qa3 Nc6 35. Nxc6 Qxc6 36. Na5 Qd7 37. c6+ Qe7 38. Qxe7+ Kxe7 39. Rxb7+ Ke8
40. Rxb8 Rxb8 41. c7 1-0

[Event "DVM U16 2013"]
[Site "Lingen (Ems) GER"]
[Date "2013.12.27"]
[Round "2"]
[White "Uellner, Ferdinand"]
[Black "Dudt, Jonas"]
[Result "1/2-1/2"]
[Termination "normal"]
[Board "10.4"]
[WhiteElo "1246"]
[BlackElo "1001"]
[WhiteTeam "Schachforum Darmstadt"]
[BlackTeam "Heilbronner SV"]
[WhiteFideId "12983101"]
[BlackFideId "12983152"]
[EventCountry "GER"]
[EventRounds "7"]
[EventType "team-swiss"]
[EventDate "2013.12.26"]

1. e4 c5 2. Nf3 Nc6 3. d4 cxd4 4. Nxd4 g6 5. Nc3 Bg7 6. Be3 d6 7. Bb5 Bd7 8.
O-O Nf6 9. Qf3 Qc7 10. Rad1 O-O 11. Rfe1 a6 12. Bc4 Ne5 13. Qe2 Nxc4 14. Bg5 e6
15. Nf3 Rfe8 16. Rd3 Bb5 17. a4 Nxb2 18. axb5 Nxd3 19. Qxd3 axb5 20. Nxb5 Qc6
21. Nxd6 Reb8 22. Ne5 Qc5 23. Ndxf7 Ra3 24. Qd2 Rba8 25. Qf4 Nh5 26. Nh6+ Bxh6
27. Qf7+ Kh8 28. Nxg6+ hxg6 29. Bxh6 Rg8 30. g4 Ng3 31. Be3 Qe5 32. hxg3 Qxe4
33. Qf6+ 1/2-1/2

[Event "DVM U16 2013"]
[Site "Lingen (Ems) GER"]
[Date "2013.12.28"]
[Round "3"]
[White "Xu, Xianliang"]
[Black "Riehle, Marco"]
[Result "1-0"]
[Termination "normal"]
[Board "1.1"]
[WhiteElo "2084"]
[BlackElo "1876"]
[WhiteTeam "SG Porz"]
[BlackTeam "SF Sasbach"]
[WhiteFideId "4603230"]
[BlackFideId "12904392"]
[EventCountry "GER"]
[EventRounds "7"]
[EventType "team-swiss"]
[EventDate "2013.12.26"]

1. e4 e5 2. Nf3 Nf6 3. Nxe5 Nxe4 4. Qe2 Qe7 5. Qxe4 d6 6. d4 dxe5 7. dxe5 Nc6
8. Bb5 Bd7 9. Nc3 O-O-O 10. Bf4 Re8 11. O-O-O f6 12. Qa4 Qc5 13. Be3 Qxe5 14.
Bxa7 Bd6 15. Be3 Nb8 16. Bxd7+ Nxd7 17. Nb5 g5 18. Qa8+ Nb8 19. Na7+ Kd7 20.
Qxb7 Ke7 21. Rhe1 Kf7 22. Nb5 Re7 23. f4 Qxe3+ 24. Rxe3 Bxf4 25. Kb1 Bxe3 26.
Nxc7 Kg7 27. Qf3 Rxc7 28. Qxe3 Nc6 29. a3 Ne5 30. Rd5 Re8 31. b3 Ree7 32. Qd2
Rb7 33. Ka2 Ra7 34. a4 Ng6 35. g3 Ne5 36. Qc3 Rab7 37. a5 Re6 38. Qc8 Ree7 39.
Qc3 Re6 40. Qc8 Ree7 41. Rc5 Nf7 42. a6 Ra7 43. Kb2 Nd6 44. Qc6 Ne8 45. Qb6
Rad7 46. Ra5 Nd6 47. Rd5 Re6 48. Qc6 Nc4+ 49. Qxc4 1-0

[Event "DVM U16 2013"]
[Site "Lingen (Ems) GER"]
[Date "2013.12.28"]
[Round "3"]
[White "Ehmann, Thilo"]
[Black "Sabirov, Ramil"]
[Result "1-0"]
[Termination "normal"]
[Board "1.2"]
[WhiteElo "1921"]
[BlackElo "1908"]
[WhiteTeam "SF Sasbach"]
[BlackTeam "SG Porz"]
[WhiteFideId "12940968"]
[BlackFideId "12900303"]
[EventCountry "GER"]
[EventRounds "7"]
[EventType "team-swiss"]
[EventDate "2013.12.26"]

1. e4 {[%emt 0:00:00]} c5 2. Nf3 Nc6 3. d4 cxd4 4. Nxd4 Qb6 5. Nb3 Nf6 6. Nc3
e6 7. Be3 Qc7 8. f3 Bb4 9. Bd3 O-O 10. O-O Bxc3 11. bxc3 b6 12. Bg5 Ne8 13. f4
d6 14. Nd4 Ne7 15. f5 exf5 16. exf5 Nd5 17. f6 Nexf6 18. Bxf6 Nxf6 19. Rxf6
gxf6 20. Qh5 f5 21. Qg5+ Kh8 22. Qf6+ Kg8 23. Re1 d5 24. Re3 f4 25. Re5 h6 26.
Rg5+ 1-0

[Event "DVM U16 2013"]
[Site "Lingen (Ems) GER"]
[Date "2013.12.28"]
[Round "3"]
[White "Fieberg, Samuel"]
[Black "Bohnert, Dominik"]
[Result "1-0"]
[Termination "normal"]
[Board "1.3"]
[WhiteElo "1944"]
[BlackElo "1936"]
[WhiteTeam "SG Porz"]
[BlackTeam "SF Sasbach"]
[WhiteFideId "12901717"]
[BlackFideId "12918075"]
[EventCountry "GER"]
[EventRounds "7"]
[EventType "team-swiss"]
[EventDate "2013.12.26"]

1. e4 c5 2. Nf3 Nc6 3. d4 cxd4 4. Nxd4 g6 5. Nc3 Bg7 6. Be3 Nf6 7. Be2 O-O 8.
O-O d5 9. exd5 Nxd5 10. Nxd5 Qxd5 11. Bf3 Qd7 12. Nxc6 bxc6 13. Qxd7 Bxd7 14.
Rad1 Bf5 15. c3 Rfc8 16. Bc5 Bf6 17. Rfe1 Be6 18. g3 Rab8 19. Rd2 Bg5 20. Rc2
Bxa2 21. b4 Bd5 22. Bxd5 cxd5 23. Re5 Bf6 24. Rxd5 a5 25. Rdd2 Rc7 26. Kf1 Rbc8
27. Rd3 Rb7 28. Ra2 axb4 29. cxb4 e6 30. Ra7 Rxa7 31. Bxa7 Rc7 32. Be3 Rb7 33.
Rb3 Rb5 34. Ke2 Be7 35. Bd2 Kf8 36. Kd3 Rd5+ 37. Kc2 Rb5 38. Kc3 Ke8 39. Kc4
Rd5 40. Rd3 Rxd3 41. Kxd3 Kd7 42. Kc4 Kc6 43. b5+ Kd7 44. Be3 Bd6 45. Bc5 Be5
46. f4 Bb8 47. Bf8 h5 48. Bg7 h4 49. Be5 hxg3 50. hxg3 Ba7 51. Bd4 Bb8 52. Kc5
g5 53. Be5 gxf4 54. gxf4 Bc7 55. b6 Bd8 56. b7 Bc7 57. b8=Q Bxb8 58. Bxb8 f6
59. Bd6 Ke8 60. Kc6 Kd8 61. Bc5 Ke8 62. Kd6 Kf7 63. Kd7 e5 64. f5 Kg8 65. Ke7
Kg7 66. Be3 1-0

[Event "DVM U16 2013"]
[Site "Lingen (Ems) GER"]
[Date "2013.12.28"]
[Round "3"]
[White "Zimmer, Raphael"]
[Black "Brungs, Sven"]
[Result "1/2-1/2"]
[Termination "normal"]
[Board "1.4"]
[WhiteElo "1625"]
[BlackElo "1885"]
[WhiteTeam "SF Sasbach"]
[BlackTeam "SG Porz"]
[WhiteFideId "12978841"]
[BlackFideId "12946257"]
[EventCountry "GER"]
[EventRounds "7"]
[EventType "team-swiss"]
[EventDate "2013.12.26"]

1. e4 c6 2. d4 d5 3. exd5 cxd5 4. c4 Nf6 5. Nc3 Nc6 6. Nf3 Bg4 7. cxd5 Nxd5 8.
Be2 e6 9. Nxd5 Qxd5 10. O-O Be7 11. h3 Bh5 12. Be3 O-O 13. a3 Rfd8 14. Qa4 a6
15. Rfd1 Bg6 16. Rd2 b5 17. Qd1 Na5 18. Ne5 Rac8 19. Nxg6 hxg6 20. Bf3 Qb3 21.
Rb1 Qxd1+ 22. Rdxd1 Rd7 23. Rd3 Nc4 24. Rc3 Rdc7 25. Rbc1 Bd6 26. R1c2 Nxe3 27.
Rxc7 Rxc7 28. Rxc7 Bxc7 29. fxe3 a5 30. b4 axb4 31. axb4 Bd6 32. Bc6 Bxb4 33.
Bxb5 Kf8 34. Kf2 Ke7 35. Kf3 f6 36. h4 Be1 37. g3 f5 38. Kf4 Bf2 1/2-1/2

[Event "DVM U16 2013"]
[Site "Lingen (Ems) GER"]
[Date "2013.12.28"]
[Round "3"]
[White "Vöge, Tobias"]
[Black "Grigorian, Spartak"]
[Result "1/2-1/2"]
[Termination "normal"]
[Board "2.1"]
[WhiteElo "1946"]
[BlackElo "2163"]
[WhiteTeam "Stader SV"]
[BlackTeam "SK Wildeshausen"]
[WhiteFideId "1270513"]
[BlackFideId "24661490"]
[EventCountry "GER"]
[EventRounds "7"]
[EventType "team-swiss"]
[EventDate "2013.12.26"]

1. d4 Nf6 2. c4 e6 3. Nc3 Bb4 4. Nf3 c5 5. g3 Nc6 6. Bg2 Ne4 7. Bd2 Bxc3 8.
Bxc3 Nxc3 9. bxc3 O-O 10. O-O d6 11. Qc2 Qe7 12. Rab1 Na5 13. Nd2 Rb8 14. e3 b6
15. Rfd1 Ba6 16. Qa4 Rfd8 17. Nb3 Qc7 18. Nxa5 bxa5 19. Bf1 Rdc8 20. Rb3 h6 21.
Ra3 cxd4 22. cxd4 Bxc4 23. Rc1 d5 24. Qxa5 1/2-1/2

[Event "DVM U16 2013"]
[Site "Lingen (Ems) GER"]
[Date "2013.12.28"]
[Round "3"]
[White "Finke, Maurice"]
[Black "Hammann, Jonas"]
[Result "1-0"]
[Termination "normal"]
[Board "2.2"]
[WhiteElo "1958"]
[BlackElo "1756"]
[WhiteTeam "SK Wildeshausen"]
[BlackTeam "Stader SV"]
[WhiteFideId "12909580"]
[BlackFideId "12930601"]
[EventCountry "GER"]
[EventRounds "7"]
[EventType "team-swiss"]
[EventDate "2013.12.26"]

1. d4 d5 2. Nf3 Nf6 3. c4 e6 4. Bg5 c5 5. cxd5 exd5 6. Nc3 Nc6 7. e3 c4 8. Ne5
Be6 9. Be2 Bb4 10. O-O Qa5 11. Nxc6 bxc6 12. Bxf6 gxf6 13. Bg4 Ke7 14. Bxe6
fxe6 15. Ne2 Bd6 16. Nf4 Rag8 17. Qf3 Qc7 18. b3 cxb3 19. axb3 Rb8 20. Qh3 Bxf4
21. exf4 Qxf4 22. Rxa7+ Kd6 23. Re1 f5 24. Qc3 Rb5 25. b4 1-0

[Event "DVM U16 2013"]
[Site "Lingen (Ems) GER"]
[Date "2013.12.28"]
[Round "3"]
[White "Dittmann, Tobias"]
[Black "Schumann, Steffen"]
[Result "1-0"]
[Termination "normal"]
[Board "2.3"]
[WhiteElo "1674"]
[BlackElo "1814"]
[WhiteTeam "Stader SV"]
[BlackTeam "SK Wildeshausen"]
[WhiteFideId "12964360"]
[BlackFideId "24686891"]
[EventCountry "GER"]
[EventRounds "7"]
[EventType "team-swiss"]
[EventDate "2013.12.26"]

1. e4 c5 2. Nf3 d6 3. Bb5+ Nc6 4. Bxc6+ bxc6 5. h3 Nf6 6. Nc3 e5 7. d3 h6 8.
Bd2 Be7 9. O-O O-O 10. Nh2 d5 11. Qe2 dxe4 12. Nxe4 Nxe4 13. Qxe4 Qd5 14. Rfe1
Bd6 15. Bc3 Qxe4 16. Rxe4 Bf5 17. Re2 Rfe8 18. Rae1 Re7 19. f4 c4 20. dxc4 e4
21. g4 Bh7 22. f5 Rae8 23. Nf1 h5 24. Kg2 hxg4 25. hxg4 f6 26. Nd2 e3 27. Nf1
Re4 28. Nxe3 g6 29. fxg6 Bxg6 30. Bd2 Rf4 31. Rf2 Rd4 32. Bc3 Rde4 33. Rxf6 Bf7
34. Rxd6 Rxe3 35. Rxe3 Rxe3 36. Rxc6 Re4 37. Kf3 1-0

[Event "DVM U16 2013"]
[Site "Lingen (Ems) GER"]
[Date "2013.12.28"]
[Round "3"]
[White "Reuker, Jari"]
[Black "Kragge, Jan"]
[Result "1-0"]
[Termination "normal"]
[Board "2.4"]
[WhiteElo "1815"]
[BlackElo "1681"]
[WhiteTeam "SK Wildeshausen"]
[BlackTeam "Stader SV"]
[WhiteFideId "12909300"]
[BlackFideId "12930415"]
[EventCountry "GER"]
[EventRounds "7"]
[EventType "team-swiss"]
[EventDate "2013.12.26"]

1. e4 e5 2. Nf3 Nc6 3. d4 exd4 4. Nxd4 Nf6 5. Nxc6 bxc6 6. e5 Nd5 7. c4 Nb6 8.
Bd3 Bc5 9. O-O O-O 10. Nc3 Ba6 11. Ne4 Be7 12. Qh5 g6 13. Qh6 f6 14. f4 Bxc4
15. Bxc4+ Nxc4 16. b3 f5 17. Ng3 Bc5+ 18. Kh1 Ne3 19. Bxe3 Bxe3 20. Rf3 Bc5 21.
Nh5 Rf7 22. Nf6+ Rxf6 23. exf6 Qxf6 24. Rd1 d5 25. h4 Re8 26. Qg5 Qb2 27. h5
Kf7 28. Rh3 Bf8 29. a4 Bg7 30. Qg3 Qe2 31. Qf3 Qc2 32. Qd3 Qf2 33. Qf1 Qb2 34.
Rhd3 Qf6 35. Qf2 Qd6 36. Qd2 Qf6 37. g3 Qd6 38. Qf2 Ra8 39. Re1 Bf6 40. Qe2 Qd7
41. Re3 Rb8 42. Re6 d4 43. Qc4 Qd5+ 44. Qxd5 cxd5 45. Rc6 Rb7 46. b4 Be7 47. b5
Bd6 48. Rd1 Rb6 49. Rxb6 cxb6 50. Rxd4 Ke6 51. hxg6 hxg6 52. Kg2 Bc5 53. Rd1
Be7 54. Re1+ Kd7 55. Re5 Kd6 56. Kf3 Bf6 57. Re8 g5 58. Rf8 g4+ 59. Ke2 Ke7 60.
Ra8 Bc3 61. Rxa7+ Ke6 62. Rc7 Bd4 63. Rc6+ Ke7 64. Rh6 Kf7 65. Rd6 1-0

[Event "DVM U16 2013"]
[Site "Lingen (Ems) GER"]
[Date "2013.12.28"]
[Round "3"]
[White "Peczely, Sebastian Zsombor"]
[Black "Flüchter, Gregor"]
[Result "1-0"]
[Termination "normal"]
[Board "3.1"]
[WhiteElo "2183"]
[BlackElo "2041"]
[WhiteTeam "Schachgemeinschaft Leipzig"]
[BlackTeam "SF Dortmund-Brackel 1930"]
[WhiteFideId "750964"]
[BlackFideId "12903396"]
[EventCountry "GER"]
[EventRounds "7"]
[EventType "team-swiss"]
[EventDate "2013.12.26"]

1. e4 c5 2. Nf3 d6 3. d4 cxd4 4. Nxd4 Nf6 5. Nc3 a6 6. h3 e5 7. Nb3 Be7 8. Bc4
O-O 9. Be3 Be6 10. Bd5 Bxd5 11. Nxd5 Nxd5 12. Qxd5 Nc6 13. c3 Qc7 14. O-O Rad8
15. a4 Bf6 16. Rfd1 Ne7 17. Qa5 Qc6 18. Qb4 Rd7 19. Na5 Qc7 20. Nc4 Nc8 21. Nb6
Nxb6 22. Bxb6 Qc6 23. Rd5 Bd8 24. Bxd8 Rfxd8 25. Rad1 g6 26. a5 Kh8 27. c4 Kg7
28. Qc3 f6 29. b3 Kf7 30. R1d3 Ke6 31. Qd2 b6 32. axb6 Qxb6 33. h4 Qc6 34. h5
Qc7 35. hxg6 hxg6 36. Qh6 g5 37. Qh3+ Ke7 38. Qf5 Rf8 39. c5 Rfd8 40. Rh3 Rf8
41. cxd6+ Rxd6 42. Rh7+ Rf7 43. Rxf7+ Kxf7 44. Qh7+ 1-0

[Event "DVM U16 2013"]
[Site "Lingen (Ems) GER"]
[Date "2013.12.28"]
[Round "3"]
[White "Birnkraut, Tim"]
[Black "Kreyssig, Robert"]
[Result "1/2-1/2"]
[Termination "normal"]
[Board "3.2"]
[WhiteElo "1804"]
[BlackElo "2070"]
[WhiteTeam "SF Dortmund-Brackel 1930"]
[BlackTeam "Schachgemeinschaft Leipzig"]
[WhiteFideId "24609587"]
[BlackFideId "4662881"]
[EventCountry "GER"]
[EventRounds "7"]
[EventType "team-swiss"]
[EventDate "2013.12.26"]

1. e4 c5 2. c3 Nf6 3. e5 Nd5 4. d4 cxd4 5. Qxd4 e6 6. Nf3 Nc6 7. Qe4 f5 8. Qe2
Be7 9. g3 O-O 10. Bg2 a6 11. O-O b5 12. Nbd2 Bb7 13. Rd1 Qc7 14. Nb3 Nb6 15.
Nbd4 Nxd4 16. Rxd4 Bd5 17. Bf4 Bc5 18. Rdd1 Qc6 19. Ne1 Rac8 20. Be3 Bxe3 21.
Qxe3 Rc7 22. Rd4 Bxg2 23. Nxg2 Nd5 24. Qd2 Qc5 25. Rd1 Rb8 26. Nf4 Nxf4 27.
Qxf4 Rbb7 28. Rd6 a5 29. Qh4 Qxe5 30. Qd8+ Kf7 31. Rxd7+ Rxd7 32. Rxd7+ Rxd7
33. Qxd7+ Kg6 34. Qd2 a4 35. h4 h6 36. b3 axb3 37. axb3 Qe4 38. Qd1 Kh7 39. Qf1
f4 40. Qxb5 fxg3 41. fxg3 Qe3+ 42. Kh2 Qxc3 43. Qc4 Qe3 44. Qc2+ Kh8 45. b4 e5
46. b5 Qd4 47. Qe2 e4 48. Kg2 Kh7 49. Kh3 Qd3 50. Qxd3 exd3 1/2-1/2